000 00350 a2200157 4500
001 61721
020 _a9783126760232
040 _cAnchieta - Pituba
100 _aDahmen, Silvia
240 1 0 _aMagnet A2
_lpor
245 1 0 _aMagnet A2
300 _a72
362 0 _a2007
650 4 _aLínguas germânicas (teutônicas) língua alemã
942 _cBK
999 _c61721
_d61721